[Event "XXVI OPEN INTERNACIONAL AYTO DE ERANDIO 2017"]
[Site "Erandio (Bizkaia)"]
[Date "2017.12.16"]
[Round "1"]
[Board "1"]
[White "Mate Adan, Carlos"]
[Black "Mendez Nunez, Jose Antonio"]
[Result "1-0"]
[WhiteElo "2257"]
[BlackElo "1721"]
[PlyCount "103"]
[EventDate "2017.12.16"]
[EventRounds "8"]
[EventCountry "ESP"]

1. e4 c5 2. Nc3 a6 3. g3 Nc6 4. Bg2 d6 5. d3 g6 6. f4 Bg7 7. Nf3 Bg4 8. h3 Bd7
9. O-O Rb8 10. Be3 Qc8 11. Kh2 h5 12. d4 b6 13. d5 Na5 14. Re1 Nc4 15. Bc1 Nh6
16. e5 Nf5 17. b3 Na5 18. Ne4 Nb7 19. c4 O-O 20. Bb2 b5 21. Bc3 b4 22. Bb2 a5
23. Rb1 Ra8 24. Neg5 dxe5 25. fxe5 Nd8 26. Qe2 Qb8 27. Qf2 Qc8 28. Ne4 Nb7 29.
Re2 Ra6 30. Rh1 a4 31. Rd1 axb3 32. axb3 Nh6 33. Ne1 Bg4 34. Nf3 Ra2 35. Qe1
Bf5 36. Bc1 Rxe2 37. Qxe2 Na5 38. Rd3 Rd8 39. Bf4 Bxe4 40. Qxe4 Nf5 41. g4 hxg4
42. hxg4 Nh6 43. Bxh6 Bxh6 44. g5 Bg7 45. Bh3 Qb8 46. Kg2 Nb7 47. Rd2 Qa7 48.
e6 Nd6 49. exf7+ Nxf7 50. Qxg6 Qa1 51. Be6 Rf8 52. Rf2  1-0

[Event "XXVI OPEN INTERNACIONAL AYTO DE ERANDIO 2017"]
[Site "Erandio (Bizkaia)"]
[Date "2017.12.16"]
[Round "1"]
[Board "2"]
[White "Perez Novoa, Miguel"]
[Black "Laiz Ibanez, Hector"]
[Result "0-1"]
[WhiteElo "1719"]
[BlackElo "2253"]
[PlyCount "76"]
[EventDate "2017.12.16"]
[EventRounds "8"]
[EventCountry "ESP"]

1. e4 e6 2. d4 d5 3. e5 c5 4. c3 Nc6 5. Nf3 Qb6 6. a3 f6 7. b4 cxd4 8. cxd4 g6
9. Nc3 fxe5 10. dxe5 Bg7 11. Na4 Qc7 12. Bb2 Nh6 13. Rc1 a6 14. Bd3 Nf7 15. O-O
Nfxe5 16. Re1 Nxd3 17. Bxg7 Qxg7 18. Qxd3 O-O 19. Nb6 Rb8 20. Nxc8 Rbxc8 21.
Rxe6 Nxb4 22. Qd1 Rxc1 23. Qxc1 Nd3 24. Qd1 Nf4 25. Rb6 Qc7 26. Rb4 Ne6 27. Qb1
b5 28. a4 Rc8 29. g3 Qc1+ 30. Kg2 Qxb1 31. Rxb1 bxa4 32. Rb6 Nc5 33. Nd4 a3 34.
Nb3 a2 35. Na1 Nd3 36. Rxa6 Nb4 37. Ra4 Rc1 38. Nb3 Rb1  0-1

[Event "XXVI OPEN INTERNACIONAL AYTO DE ERANDIO 2017"]
[Site "Erandio (Bizkaia)"]
[Date "2017.12.16"]
[Round "1"]
[Board "3"]
[White "Prieto Aranguren, Alain"]
[Black "Miranda Castanos, Jose Vicente"]
[Result "1-0"]
[WhiteElo "2238"]
[BlackElo "1699"]
[PlyCount "77"]
[EventDate "2017.12.16"]
[EventRounds "8"]
[EventCountry "ESP"]

1. d4 Nf6 2. Bg5 d5 3. e3 e6 4. Bd3 Be7 5. Nf3 O-O 6. O-O Nbd7 7. c4 dxc4 8.
Bxc4 b6 9. Nc3 Bb7 10. Qc2 c5 11. dxc5 Bxf3 12. gxf3 Nxc5 13. Rfd1 Qc8 14. Bf1
Rd8 15. Bg2 a6 16. Rxd8+ Bxd8 17. f4 Ra7 18. Na4 Qc7 19. Rd1 Be7 20. f5 Nxa4
21. Qxa4 exf5 22. Bxf6 gxf6 23. Qe8+ Kg7 24. Bd5 Bd6 25. Kh1 Bxh2 26. Bc6 Qe5
27. Qd8 Qc7 28. Qd5 Kf8 29. f4 Bg3 30. Kg2 Bxf4 31. exf4 Qxf4 32. Qd8+ Kg7 33.
Rd3 h6 34. Rg3+ Qg5 35. Rxg5+ hxg5 36. a4 f4 37. Kf3 b5 38. a5 f5 39. Qxg5+  1-0

[Event "XXVI OPEN INTERNACIONAL AYTO DE ERANDIO 2017"]
[Site "Erandio (Bizkaia)"]
[Date "2017.12.16"]
[Round "1"]
[Board "5"]
[White "Moreto Quintana, Alex"]
[Black "Valverde Urbano, Alejandro"]
[Result "1-0"]
[WhiteElo "2076"]
[BlackElo "1656"]
[PlyCount "61"]
[EventDate "2017.12.16"]
[EventRounds "8"]
[EventCountry "ESP"]

1. d4 Nf6 2. c4 e6 3. g3 Bb4+ 4. Nd2 Ne4 5. Bg2 d5 6. Qa4+ Nc6 7. Ngf3 Bd7 8.
Qc2 O-O 9. O-O Nxd2 10. Bxd2 Bxd2 11. Qxd2 Qe7 12. Rac1 Rad8 13. cxd5 exd5 14.
Rc5 Bg4 15. Rfc1 Rfe8 16. e3 Rd7 17. b4 Qf6 18. Ne1 Qe6 19. Nd3 Rd6 20. Nf4 Qd7
21. b5 Ne7 22. Rxc7 Qxb5 23. R7c5 Qd7 24. Qb2 Rc8 25. Nd3 f6 26. Rxc8+ Nxc8 27.
Nc5 Qe8 28. Qxb7 Nb6 29. Qxa7 Nc4 30. Qb7 Nxe3 31. Re1  1-0

[Event "XXVI OPEN INTERNACIONAL AYTO DE ERANDIO 2017"]
[Site "Erandio (Bizkaia)"]
[Date "2017.12.16"]
[Round "1"]
[Board "6"]
[White "Soto Gandara, Jose"]
[Black "Blesa Fernandez, Francisco"]
[Result "0-1"]
[WhiteElo "1645"]
[BlackElo "2046"]
[PlyCount "51"]
[EventDate "2017.12.16"]
[EventRounds "8"]
[EventCountry "ESP"]

1. e4 c5 2. Nf3 e6 3. Nc3 Nc6 4. Bb5 Nd4 5. O-O a6 6. Be2 Qc7 7. d3 d6 8. Be3
Nxf3+ 9. Bxf3 Nf6 10. a4 Be7 11. Be2 b6 12. f4 O-O 13. Qe1 d5 14. e5 Nd7 15.
Bd2 f5 16. g4 d4 17. Nd1 g6 18. Qg3 Kh8 19. g5 Bb7 20. h4 h6 21. h5 hxg5 22.
hxg6 Kg7 23. Nf2 g4 24. Nh1 Rh8 25. Nf2 Bh4 26. Qh2  0-1

[Event "XXVI OPEN INTERNACIONAL AYTO DE ERANDIO 2017"]
[Site "Erandio (Bizkaia)"]
[Date "2017.12.16"]
[Round "1"]
[Board "7"]
[White "Hernandez Garcia, Maximo"]
[Black "Momoitio Garcia, Angel"]
[Result "1-0"]
[WhiteElo "2009"]
[BlackElo "1642"]
[PlyCount "71"]
[EventDate "2017.12.16"]
[EventRounds "8"]
[EventCountry "ESP"]

1. e4 e6 2. Nf3 d5 3. e5 c5 4. b4 b6 5. b5 a6 6. d4 c4 7. bxa6 Qc7 8. c3 b5 9.
g3 Nxa6 10. Bg2 b4 11. O-O bxc3 12. Nxc3 Bb4 13. Nb5 Qc6 14. a4 Nc7 15. Rb1 Be7
16. Nd6+ Bxd6 17. exd6 Qxd6 18. Bf4 Qd8 19. Ne5 Ba6 20. Qh5 Qe7 21. Nc6 Qd7 22.
Nb8 Qd8 23. Nxa6 Nxa6 24. Rb7 Ne7 25. Bg5 Nc7 26. Bxe7 Qxe7 27. Qe5 O-O 28.
Rxc7 Qb4 29. Bh3 Ra6 30. a5 c3 31. Rc1 Rxa5 32. Bxe6 Qb2 33. Bxf7+ Kh8 34.
R7xc3 Raa8 35. R3c2 Qb7 36. Bxd5  1-0

[Event "XXVI OPEN INTERNACIONAL AYTO DE ERANDIO 2017"]
[Site "Erandio (Bizkaia)"]
[Date "2017.12.17"]
[Round "2"]
[Board "1"]
[White "Fernandez Almeida, Joseba"]
[Black "Mate Adan, Carlos"]
[Result "0-1"]
[WhiteElo "1811"]
[BlackElo "2257"]
[PlyCount "120"]
[EventDate "2017.12.16"]
[EventRounds "8"]
[EventCountry "ESP"]

1. e4 c6 2. d4 d5 3. e5 c5 4. c3 Nc6 5. Bb5 Qb6 6. Ba4 Nh6 7. Nf3 e6 8. O-O Nf5
9. a3 Be7 10. b4 cxd4 11. cxd4 Bd7 12. Be3 O-O 13. Nc3 f6 14. Ne2 Nxe5 15. dxe5
Nxe3 16. fxe3 Qxe3+ 17. Rf2 Bxa4 18. Qxa4 fxe5 19. Qd7 Bh4 20. Qxe6+ Kh8 21.
Ng3 e4 22. Qxd5 exf3 23. gxf3 Bf6 24. Raa2 Qb6 25. Kg2 Rad8 26. Qb3 a5 27. b5
Rd4 28. a4 Rb4 29. Qd5 Rd4 30. Qb3 Rfd8 31. Rfe2 Qc7 32. Qe6 h6 33. Rac2 Qd7
34. Qxd7 R8xd7 35. Re4 Rd2+ 36. Rxd2 Rxd2+ 37. Re2 Rd4 38. Re4 Kg8 39. Rxd4
Bxd4 40. f4 Kf7 41. Kf3 Ke6 42. Ke4 Bg1 43. h3 Kd6 44. Nf5+ Kc5 45. Nxg7 Kb4
46. Ne6 Bf2 47. f5 Bh4 48. Nd4 Kxa4 49. Kd5 Bf6 50. Kc4 Ka3 51. b6 a4 52. Nb5+
Kb2 53. Kd5 a3 54. Nxa3 Kxa3 55. Ke6 Bd4 56. f6 Bxb6 57. Kd5 Kb4 58. f7 Bc5 59.
h4 b5 60. h5 Bf8  0-1

[Event "XXVI OPEN INTERNACIONAL AYTO DE ERANDIO 2017"]
[Site "Erandio (Bizkaia)"]
[Date "2017.12.17"]
[Round "2"]
[Board "2"]
[White "Laiz Ibanez, Hector"]
[Black "Svyatoslav, Vorobyev"]
[Result "1-0"]
[WhiteElo "2253"]
[BlackElo "1955"]
[PlyCount "59"]
[EventDate "2017.12.16"]
[EventRounds "8"]
[EventCountry "ESP"]

1. Nf3 Nf6 2. g3 d5 3. Bg2 c5 4. O-O Nc6 5. d4 e6 6. c4 dxc4 7. Qa4 Bd7 8. Qxc4
cxd4 9. Nxd4 Rc8 10. Nc3 Nxd4 11. Qxd4 Bc5 12. Qh4 Bc6 13. Bg5 Bxg2 14. Kxg2
Be7 15. Qa4+ Qd7 16. Qxa7 O-O 17. f3 Qc6 18. Rac1 Ra8 19. Qe3 Bc5 20. Qf4 Nd5
21. Nxd5 Qxd5 22. Rfd1 Bd6 23. Qg4 Qe5 24. Rc2 h5 25. Qh4 Rfc8 26. Bf4 Qb5 27.
a4 Qxa4 28. Rxc8+ Rxc8 29. Rxd6 Qc2 30. Rd8+  1-0

[Event "XXVI OPEN INTERNACIONAL AYTO DE ERANDIO 2017"]
[Site "Erandio (Bizkaia)"]
[Date "2017.12.17"]
[Round "2"]
[Board "3"]
[White "Fernandez Amezaga, Karmelo"]
[Black "Prieto Aranguren, Alain"]
[Result "0-1"]
[WhiteElo "1667"]
[BlackElo "2238"]
[PlyCount "74"]
[EventDate "2017.12.16"]
[EventRounds "8"]
[EventCountry "ESP"]

1. d4 Nf6 2. Nf3 g6 3. e3 c5 4. Bd3 cxd4 5. exd4 d5 6. c3 Nc6 7. Nbd2 Bf5 8.
Bxf5 gxf5 9. O-O e6 10. Ne5 Bd6 11. f4 Qc7 12. Ndf3 Ne4 13. Qa4 f6 14. Nxc6
bxc6 15. c4 O-O 16. g3 Rab8 17. c5 Be7 18. a3 Kh8 19. b4 Rg8 20. Kg2 Rg4 21.
Nd2 Rbg8 22. Nxe4 fxe4 23. Qd1 f5 24. a4 Bf6 25. Ra3 Qf7 26. Bb2 h5 27. Qd2 h4
28. Qe3 Qb7 29. Qe1 R8g6 30. Rb3 Qf7 31. b5 Qb7 32. Qe2 Kg8 33. Ba1 hxg3 34. h3
Rh4 35. Rxg3 Rxg3+ 36. Kxg3 Qg7+ 37. Kf2 Rxf4+  0-1

[Event "XXVI OPEN INTERNACIONAL AYTO DE ERANDIO 2017"]
[Site "Erandio (Bizkaia)"]
[Date "2017.12.17"]
[Round "2"]
[Board "4"]
[White "Magallanes Cordova, Adrian"]
[Black "Moreto Quintana, Alex"]
[Result "0-1"]
[WhiteElo "1050"]
[BlackElo "2076"]
[PlyCount "66"]
[EventDate "2017.12.16"]
[EventRounds "8"]
[EventCountry "ESP"]

1. e4 c5 2. Nf3 d6 3. c3 Nf6 4. Be2 e6 5. O-O Be7 6. e5 dxe5 7. Nxe5 O-O 8. d4
cxd4 9. cxd4 Nc6 10. Nxc6 bxc6 11. Be3 Rb8 12. Qc2 Nd5 13. b3 Nxe3 14. fxe3 c5
15. dxc5 Bf6 16. Nc3 Qa5 17. Rac1 Qxc5 18. Rf3 Bb7 19. Rh3 h6 20. Kf2 Rbc8 21.
Qd3 Bxc3 22. Rh4 Qf5+ 23. Rf4 Qxd3 24. Bxd3 Be5 25. Rfc4 Rfd8 26. Be2 Rxc4 27.
Rxc4 Rd2 28. Ra4 Bxh2 29. Ke1 Rb2 30. Rxa7 Bxg2 31. Bd3 Bf3 32. Bb5 Bg3+ 33.
Kf1 Rb1#  0-1

[Event "XXVI OPEN INTERNACIONAL AYTO DE ERANDIO 2017"]
[Site "Erandio (Bizkaia)"]
[Date "2017.12.17"]
[Round "2"]
[Board "5"]
[White "Blesa Fernandez, Francisco"]
[Black "Salas Martin, Javier"]
[Result "1-0"]
[WhiteElo "2046"]
[BlackElo "1822"]
[PlyCount "37"]
[EventDate "2017.12.16"]
[EventRounds "8"]
[EventCountry "ESP"]

1. e4 d6 2. d4 Nf6 3. Nc3 e5 4. Nf3 Nbd7 5. Bc4 Be7 6. O-O O-O 7. Re1 c6 8. a4
b6 9. Bg5 Bb7 10. Qe2 a6 11. Rad1 Qc7 12. dxe5 dxe5 13. Nh4 g6 14. Qf3 Kg7 15.
Qh3 Rfd8 16. Rd3 Nc5 17. Nf5+ Kf8 18. Qh6+ Ke8 19. Ng7+  1-0

[Event "XXVI OPEN INTERNACIONAL AYTO DE ERANDIO 2017"]
[Site "Erandio (Bizkaia)"]
[Date "2017.12.17"]
[Round "2"]
[Board "6"]
[White "Garrido Legarreta, Jose Javier"]
[Black "Garcinuno Gonzalez, David"]
[Result "1-0"]
[WhiteElo "1991"]
[BlackElo "1745"]
[PlyCount "97"]
[EventDate "2017.12.16"]
[EventRounds "8"]
[EventCountry "ESP"]

1. d4 Nf6 2. c4 e6 3. Nc3 Bb4 4. Qc2 O-O 5. a3 Bxc3+ 6. Qxc3 d5 7. e3 Ne4 8.
Qc2 c5 9. Nf3 Qa5+ 10. Nd2 Nc6 11. dxc5 Nxd2 12. Bxd2 Qxc5 13. b4 Qb6 14. b5
Ne7 15. c5 Qc7 16. Bd3 h6 17. O-O Bd7 18. Rfc1 Rac8 19. Qb2 Qb8 20. Bb4 Rfe8
21. a4 e5 22. e4 d4 23. Bc4 Ng6 24. g3 Be6 25. Bd5 Rcd8 26. c6 Rxd5 27. exd5
Bxd5 28. c7 Qc8 29. Ra3 Qd7 30. Qc2 Rc8 31. Qc5 b6 32. Qd6 Qxd6 33. Bxd6 f6 34.
a5 Nf8 35. axb6 axb6 36. Ra6 Nd7 37. Kf1 Kf7 38. Ke2 Ke6 39. Bb4 e4 40. Ba5 Bb7
41. Ra7 bxa5 42. Rxb7 Kd6 43. b6 a4 44. Ra7 d3+ 45. Ke3 d2 46. Kxd2 Nc5 47.
Rxc5 Kxc5 48. b7 Rxc7 49. b8=Q  1-0

[Event "XXVI OPEN INTERNACIONAL AYTO DE ERANDIO 2017"]
[Site "Erandio (Bizkaia)"]
[Date "2017.12.17"]
[Round "2"]
[Board "7"]
[White "Perez Pacheco, Ricardo"]
[Black "Pons Rodriguez, Diego"]
[Result "1-0"]
[WhiteElo "2205"]
[BlackElo "1289"]
[PlyCount "57"]
[EventDate "2017.12.16"]
[EventRounds "8"]
[EventCountry "ESP"]

1. e4 c5 2. Nf3 e6 3. d4 cxd4 4. Nxd4 a6 5. c4 Nc6 6. Nc3 Qc7 7. a3 Nf6 8. Be3
Be7 9. Be2 O-O 10. O-O e5 11. Nf5 d6 12. Nxe7+ Nxe7 13. Bg5 Ne8 14. Rc1 Be6 15.
Nd5 Bxd5 16. cxd5 Qd8 17. Bg4 Nf6 18. Bxf6 gxf6 19. Rc3 Kh8 20. Qf3 Ng6 21.
Rfc1 Nh4 22. Qh3 f5 23. Bxf5 Qg5 24. Qg4 Rg8 25. Qxg5 Rxg5 26. Bh3 Rag8 27. g3
Ng6 28. Kh1 h5 29. Rc7  1-0

[Event "XXVI OPEN INTERNACIONAL AYTO DE ERANDIO 2017"]
[Site "Erandio (Bizkaia)"]
[Date "2017.12.18"]
[Round "3"]
[Board "1"]
[White "Moreto Quintana, Alex"]
[Black "Laiz Ibanez, Hector"]
[Result "0-1"]
[WhiteElo "2076"]
[BlackElo "2253"]
[PlyCount "54"]
[EventDate "2017.12.16"]
[EventRounds "8"]
[EventCountry "ESP"]

1. d4 Nf6 2. c4 e6 3. Nc3 d5 4. cxd5 exd5 5. Bg5 Be7 6. Qc2 c6 7. e3 Nbd7 8.
Bd3 O-O 9. Nge2 b6 10. O-O Bb7 11. Ng3 g6 12. Rae1 c5 13. f4 Ng4 14. Bxe7 Qxe7
15. dxc5 Nxc5 16. Qd2 Qh4 17. h3 Qxg3 18. hxg4 d4 19. exd4 Qxd3 20. Qf2 Ne6 21.
f5 Ng5 22. Re7 Rab8 23. f6 h6 24. d5 Rfd8 25. Re5 Re8 26. Rxg5 hxg5 27. Rd1 Qe3
 0-1

[Event "XXVI OPEN INTERNACIONAL AYTO DE ERANDIO 2017"]
[Site "Erandio (Bizkaia)"]
[Date "2017.12.18"]
[Round "3"]
[Board "2"]
[White "Prieto Aranguren, Alain"]
[Black "Blesa Fernandez, Francisco"]
[Result "1-0"]
[WhiteElo "2238"]
[BlackElo "2046"]
[PlyCount "71"]
[EventDate "2017.12.16"]
[EventRounds "8"]
[EventCountry "ESP"]

1. d4 d5 2. c4 c6 3. Nf3 Nf6 4. Nc3 a6 5. e3 b5 6. c5 Bg4 7. Qb3 Nbd7 8. a4
Bxf3 9. gxf3 e5 10. Qa3 Nb6 11. dxe5 Nfd7 12. b4 Nc4 13. Bxc4 bxc4 14. f4 a5
15. Ne2 axb4 16. Qxb4 Nxc5 17. O-O Nb3 18. Qb7 Na5 19. Qb1 Nb3 20. Ra2 Bc5 21.
Kh1 O-O 22. Rg1 Nxc1 23. Qxc1 Re8 24. Ng3 Re6 25. Qc3 Qa5 26. Qc2 Rb8 27. Raa1
c3 28. Nh5 g6 29. Nf6+ Kg7 30. Qf5 Qc7 31. Qh3 Rh8 32. Ng4 h5 33. Nf6 Be7 34.
Rxg6+ fxg6 35. Qxe6 Bxf6 36. exf6+  1-0

[Event "XXVI OPEN INTERNACIONAL AYTO DE ERANDIO 2017"]
[Site "Erandio (Bizkaia)"]
[Date "2017.12.18"]
[Round "3"]
[Board "3"]
[White "Garrido Legarreta, Jose Javier"]
[Black "Hernandez Garcia, Maximo"]
[Result "1-0"]
[WhiteElo "1991"]
[BlackElo "2009"]
[PlyCount "149"]
[EventDate "2017.12.16"]
[EventRounds "8"]
[EventCountry "ESP"]

1. d4 Nf6 2. c4 e5 3. dxe5 Ng4 4. Bf4 Bb4+ 5. Nd2 Nc6 6. Ngf3 Qe7 7. a3 Bxd2+
8. Qxd2 Ncxe5 9. Nxe5 Nxe5 10. e3 O-O 11. Be2 a5 12. O-O Ra6 13. c5 Rg6 14.
Qxa5 d6 15. cxd6 cxd6 16. Rac1 Bd7 17. f3 Nc6 18. Qd2 Re8 19. e4 f5 20. Bc4+
Kh8 21. exf5 Bxf5 22. Bd3 Bxd3 23. Qxd3 Qf6 24. Qd2 Nd4 25. Rc4 Nf5 26. Re1 Rf8
27. Qc3 Qd8 28. Rc7 Qh4 29. Rf7 Rf6 30. Rxf8+ Rxf8 31. Qb4 Qf6 32. Bg3 h5 33.
Qxb7 Nxg3 34. hxg3 Qd4+ 35. Kh2 Qf2 36. Re7 Qd4 37. Re4 Qd2 38. Qe7 Kg8 39.
Qe6+ Kh7 40. Rh4 g6 41. Qe7+ Kg8 42. Rb4 Rf7 43. Qe4 Qg5 44. Rb8+ Kh7 45. Qe8
Qf6 46. Qg8+ Kh6 47. Qh8+ Qxh8 48. Rxh8+ Kg5 49. Rb8 Rd7 50. Rb4 d5 51. Rd4 Kf5
52. f4 Ke6 53. b4 Ra7 54. Rd3 Rd7 55. Kg1 d4 56. Kf2 Kd5 57. Rd1 Kc4 58. Ke2
Re7+ 59. Kd2 Re3 60. Rc1+ Kb3 61. b5 Rxg3 62. b6 Rxg2+ 63. Kd3 Rb2 64. Kxd4
Kxa3 65. Kc5 h4 66. Kc6 h3 67. b7 h2 68. Ra1+ Ra2 69. Rb1 Rc2+ 70. Kd5 Rb2 71.
Ra1+ Ra2 72. b8=Q Rxa1 73. Qa8+ Kb2 74. Qh8+ Kb3 75. Qxa1  1-0

[Event "XXVI OPEN INTERNACIONAL AYTO DE ERANDIO 2017"]
[Site "Erandio (Bizkaia)"]
[Date "2017.12.18"]
[Round "3"]
[Board "4"]
[White "Uria Ramirez, Aitor"]
[Black "Perez Pacheco, Ricardo"]
[Result "1-0"]
[WhiteElo "1942"]
[BlackElo "2205"]
[PlyCount "81"]
[EventDate "2017.12.16"]
[EventRounds "8"]
[EventCountry "ESP"]

1. e4 c5 2. Nf3 Nc6 3. Bb5 g6 4. Bxc6 bxc6 5. O-O Bg7 6. d3 e5 7. Be3 d6 8. h3
Ne7 9. Qd2 O-O 10. Bh6 Rb8 11. Bxg7 Kxg7 12. Qc3 f6 13. Nbd2 Be6 14. a3 Qd7 15.
b4 cxb4 16. axb4 g5 17. d4 Ng6 18. dxe5 dxe5 19. Rfd1 Qb7 20. Nf1 Rfd8 21. Qc5
a6 22. Ng3 Kf7 23. c3 h6 24. Nf5 Bxf5 25. exf5 Ne7 26. Nxe5+ fxe5 27. Qxe5
Rxd1+ 28. Rxd1 Qc8 29. g4 Rb5 30. Qd6 Rd5 31. Rxd5 cxd5 32. Qxh6 d4 33. Qh7+
Kf6 34. Qh6+ Kf7 35. f6 Qe6 36. Qg7+ Ke8 37. fxe7 Qe1+ 38. Kg2 Qe4+ 39. Kh2
Qf4+ 40. Kg1 d3 41. Qf8+  1-0

[Event "XXVI OPEN INTERNACIONAL AYTO DE ERANDIO 2017"]
[Site "Erandio (Bizkaia)"]
[Date "2017.12.18"]
[Round "3"]
[Board "5"]
[White "Martinez De Soria Gordon, Jose Manuel"]
[Black "Garcia Rodriguez, Inaki"]
[Result "0-1"]
[WhiteElo "1930"]
[BlackElo "1965"]
[PlyCount "112"]
[EventDate "2017.12.16"]
[EventRounds "8"]
[EventCountry "ESP"]

1. e4 e5 2. Nf3 Nf6 3. Nc3 Nc6 4. Bb5 d6 5. O-O Be7 6. d4 exd4 7. Nxd4 Bd7 8.
Re1 O-O 9. Bg5 h6 10. Bh4 a6 11. Bxc6 bxc6 12. Qf3 Rb8 13. b3 Rb4 14. Nf5 Bxf5
15. Qxf5 Qc8 16. Qf3 Re8 17. Rad1 Nd7 18. Bxe7 Rxe7 19. a3 Rb8 20. h3 a5 21.
Ne2 Qe8 22. Nd4 Nf6 23. e5 Rb6 24. Qc3 Nd5 25. Qxa5 Rxe5 26. Rxe5 dxe5 27. Re1
f6 28. g3 Qd7 29. Qa8+ Kh7 30. c4 exd4 31. cxd5 Qxd5 32. b4 d3 33. Qa4 Qc4 34.
Qd1 Rb8 35. Qc1 Qd5 36. Qd2 Ra8 37. Qb2 c5 38. bxc5 Qxc5 39. Qb4 Qxb4 40. axb4
Kg6 41. Rd1 Ra3 42. f4 Kf5 43. Kf2 Ke4 44. Re1+ Kd4 45. Re7 Ra2+ 46. Ke1 Re2+
47. Rxe2 dxe2 48. Kxe2 Kc4 49. g4 Kxb4 50. Kd3 c5 51. h4 Kb3 52. Ke4 c4 53. Kf5
c3 54. Kg6 c2 55. Kxg7 c1=Q 56. f5 Qf4  0-1

[Event "XXVI OPEN INTERNACIONAL AYTO DE ERANDIO 2017"]
[Site "Erandio (Bizkaia)"]
[Date "2017.12.18"]
[Round "3"]
[Board "6"]
[White "Segura Del Frago, Imanol"]
[Black "Alvarez Dominguez, Fco. Javier"]
[Result "1-0"]
[WhiteElo "1961"]
[BlackElo "1933"]
[PlyCount "83"]
[EventDate "2017.12.16"]
[EventRounds "8"]
[EventCountry "ESP"]

1. c4 Nf6 2. Nc3 g6 3. g3 Bg7 4. Bg2 d6 5. e4 e5 6. Nge2 c6 7. O-O O-O 8. d3
Na6 9. h3 Nc7 10. Qb3 Nd7 11. Be3 Ne6 12. Qa3 Qc7 13. Rac1 f5 14. exf5 gxf5 15.
f4 Kh8 16. Rfd1 Nd4 17. Bf2 Nxe2+ 18. Nxe2 Nf6 19. fxe5 dxe5 20. d4 exd4 21.
Bxd4 Bd7 22. Nf4 Rae8 23. Bc5 Rg8 24. Bd6 Qc8 25. Qxa7 Ne4 26. Nh5 Nxd6 27.
Nxg7 Rxg7 28. Rxd6 Rxg3 29. Qd4+ Rg7 30. Rd1 Re2 31. Rd2 Rxd2 32. Qxd2 Be8 33.
Qd4 Qc7 34. c5 Qe7 35. Kf2 Qg5 36. Bf1 Qg1+ 37. Ke1 Qg3+ 38. Kd2 Qg5+ 39. Kc2
f4 40. Rd8 Qf5+ 41. Bd3 Qf7 42. Qe5  1-0

[Event "XXVI OPEN INTERNACIONAL AYTO DE ERANDIO 2017"]
[Site "Erandio (Bizkaia)"]
[Date "2017.12.18"]
[Round "3"]
[Board "8"]
[White "Svyatoslav, Vorobyev"]
[Black "Valverde Urbano, Alejandro"]
[Result "1-0"]
[WhiteElo "1955"]
[BlackElo "1656"]
[PlyCount "55"]
[EventDate "2017.12.16"]
[EventRounds "8"]
[EventCountry "ESP"]

1. e4 e5 2. Nf3 Nc6 3. Bb5 d6 4. O-O Bd7 5. d4 Nf6 6. Re1 Be7 7. c3 O-O 8. dxe5
dxe5 9. Nbd2 a6 10. Bf1 b5 11. h3 Re8 12. a4 b4 13. Nc4 bxc3 14. bxc3 Bf8 15.
Bg5 Qc8 16. Bxf6 gxf6 17. Ne3 Ne7 18. Bc4 Be6 19. Nd5 Bg7 20. Rb1 Kh8 21. Nxe7
Rxe7 22. Qb3 Bxh3 23. gxh3 Qxh3 24. Re3 Rg8 25. Ng5 Qg4+ 26. Rg3 Qxg3+ 27. fxg3
fxg5 28. Bxf7  1-0

[Event "XXVI OPEN INTERNACIONAL AYTO DE ERANDIO 2017"]
[Site "Erandio (Bizkaia)"]
[Date "2017.12.19"]
[Round "4"]
[Board "1"]
[White "Laiz Ibanez, Hector"]
[Black "Garrido Legarreta, Jose Javier"]
[Result "1-0"]
[WhiteElo "2253"]
[BlackElo "1991"]
[PlyCount "105"]
[EventDate "2017.12.16"]
[EventRounds "8"]
[EventCountry "ESP"]

1. e4 Nf6 2. e5 Nd5 3. d4 d6 4. Nf3 Bg4 5. Bc4 e6 6. O-O Be7 7. c3 dxe5 8. dxe5
c6 9. Re1 Nd7 10. h3 Bxf3 11. Qxf3 O-O 12. Nd2 Bc5 13. Nb3 Bb6 14. Qg3 Kh8 15.
Nd4 Bxd4 16. cxd4 Ne7 17. Bd3 Ng6 18. Bd2 c5 19. Be3 cxd4 20. Bxd4 Qh4 21. Qxh4
Nxh4 22. Be4 Nf5 23. Bxf5 exf5 24. e6 fxe6 25. Rxe6 b6 26. Re7 Nf6 27. Rc1 Ne8
28. Be5 Kg8 29. Rd1 Rf7 30. Rdd7 Rxe7 31. Rxe7 a5 32. Rb7 Ra6 33. f4 a4 34. a3
h6 35. Kf2 Nf6 36. Ke2 Ra5 37. Rxb6 Rc5 38. Bxf6 gxf6 39. Kd2 Rd5+ 40. Kc3 Rc5+
41. Kb4 Rc2 42. Kxa4 Rxg2 43. Rxf6 Rxb2 44. Rxf5 Kg7 45. h4 Kg6 46. Rb5 Rf2 47.
h5+ Kf6 48. Rc5 Rxf4+ 49. Kb5 Rf1 50. a4 Rb1+ 51. Ka6 Rb8 52. a5 Rb1 53. Ka7
 1-0

[Event "XXVI OPEN INTERNACIONAL AYTO DE ERANDIO 2017"]
[Site "Erandio (Bizkaia)"]
[Date "2017.12.19"]
[Round "4"]
[Board "2"]
[White "Mate Adan, Carlos"]
[Black "Prieto Aranguren, Alain"]
[Result "1/2-1/2"]
[WhiteElo "2257"]
[BlackElo "2238"]
[PlyCount "25"]
[EventDate "2017.12.16"]
[EventRounds "8"]
[EventCountry "ESP"]

1. e4 c6 2. d4 d5 3. f3 e6 4. Nc3 Bb4 5. a3 Bxc3+ 6. bxc3 dxe4 7. Qe2 exf3 8.
Nxf3 Nf6 9. Qe3 O-O 10. Bd3 c5 11. O-O Nc6 12. Qe1 cxd4 13. Qh4  1/2-1/2

[Event "XXVI OPEN INTERNACIONAL AYTO DE ERANDIO 2017"]
[Site "Erandio (Bizkaia)"]
[Date "2017.12.19"]
[Round "4"]
[Board "3"]
[White "Garcia Rodriguez, Inaki"]
[Black "Segura Del Frago, Imanol"]
[Result "0-1"]
[WhiteElo "1965"]
[BlackElo "1961"]
[PlyCount "134"]
[EventDate "2017.12.16"]
[EventRounds "8"]
[EventCountry "ESP"]

1. d4 Nf6 2. Bg5 d5 3. Bxf6 exf6 4. e3 Bd6 5. c4 c6 6. cxd5 cxd5 7. Nc3 Be6 8.
g3 O-O 9. Bg2 Nd7 10. Nge2 f5 11. Bxd5 Bxd5 12. Nxd5 Re8 13. O-O g5 14. Qc2 Nf6
15. Qxf5 Nxd5 16. Qxd5 Qf6 17. Nc3 Qg6 18. Rad1 Re6 19. e4 Kg7 20. e5 Be7 21.
Qxb7 Rh8 22. f4 gxf4 23. Rxf4 Bg5 24. Rf3 Rb6 25. Qe4 Rxb2 26. Qxg6+ hxg6 27.
h4 Bd8 28. Rdf1 Rf8 29. R1f2 Rb4 30. Rd2 Bb6 31. Rfd3 Rd8 32. Ne2 Ra4 33. a3
Rd5 34. Kg2 Rda5 35. Ra2 Rd5 36. Kf3 Bc7 37. Rad2 Rda5 38. Ra2 Rd5 39. Ke3 Rda5
40. Rc2 Bb6 41. Ke4 Rxa3 42. Rxa3 Rxa3 43. Nc3 Ra1 44. d5 Re1+ 45. Ne2 a5 46.
d6 a4 47. Kd5 a3 48. Kc6 Bd8 49. Kd7 Bb6 50. Kc8 Rd1 51. Kb7 Ba5 52. Nc1 Be1
53. Ne2 Rb1+ 54. Kc8 Rb2 55. Rc1 Rxe2 56. d7 Ba5 57. d8=Q Bxd8 58. Kxd8 Rxe5
59. Ra1 Re3 60. g4 Kh6 61. Ra2 f5 62. gxf5 gxf5 63. Rg2 f4 64. Rf2 Re4 65. Ra2
Ra4 66. Ke7 f3 67. Kf6 f2  0-1

[Event "XXVI OPEN INTERNACIONAL AYTO DE ERANDIO 2017"]
[Site "Erandio (Bizkaia)"]
[Date "2017.12.19"]
[Round "4"]
[Board "4"]
[White "Uria Ramirez, Aitor"]
[Black "Moreto Quintana, Alex"]
[Result "0-1"]
[WhiteElo "1942"]
[BlackElo "2076"]
[PlyCount "126"]
[EventDate "2017.12.16"]
[EventRounds "8"]
[EventCountry "ESP"]

1. e4 c5 2. Nf3 a6 3. c4 e6 4. b3 b6 5. Nc3 Bb7 6. Bd3 g6 7. O-O Bg7 8. Bb2 Ne7
9. Re1 O-O 10. Bf1 Nbc6 11. g3 d5 12. d3 h6 13. Qe2 Nd4 14. Nxd4 cxd4 15. Nd1
dxe4 16. dxe4 Nc6 17. f4 Qe7 18. e5 g5 19. Nf2 gxf4 20. gxf4 f6 21. exf6 Rxf6
22. Bg2 Rg6 23. Qh5 Ne5 24. Ne4 Rxg2+ 25. Kxg2 Nd3 26. Kg1 Nxb2 27. Nf2 d3 28.
Qh3 Bd4 29. Rxe6 Qg7+ 30. Kf1 Rf8 31. Rxh6 Bc8 32. Qh5 Bf5 33. Re1 Bxf2 34.
Kxf2 d2 35. Rg1 Qxg1+ 36. Kxg1 d1=Q+ 37. Qxd1 Nxd1 38. Rxb6 Bc8 39. Kf1 Nc3 40.
Kf2 Kg7 41. Ke3 Rf6 42. Rb8 Bf5 43. Kd4 Nxa2 44. Ke5 Bc2 45. b4 Bb3 46. c5 Re6+
47. Kf5 Nc3 48. h4 Nb5 49. h5 Nd4+ 50. Kg5 Nf3+ 51. Kf5 Nd4+ 52. Kg5 Nf3+ 53.
Kf5 Rf6+ 54. Ke4 Nh4 55. b5 axb5 56. Rxb5 Re6+ 57. Kd3 Bd5 58. Rb6 Bc6 59. Rb2
Nf5 60. Rb8 Rh6 61. Rd8 Rxh5 62. Kc3 Kf7 63. Rd2 Rh1  0-1